000 00313nam a2200133Ia 4500
005 20251222143314.0
008 251222s9999||||xx |||||||||||||| ||spa||
020 _a84-350-1623-4
082 _a830/M22J
100 _aMann, Heinrich
245 0 _aLa Juventud del Rey Enrique IV
264 _bEdhasa
942 _cLIB
999 _c15810
_d15810